|
|
|
|
| LEADER |
01069nam a22002537a 4500 |
| 001 |
37800 |
| 003 |
BD-DhAAL |
| 008 |
220223t2002 ii ||||| |||| 00| 0 ben d |
| 999 |
|
|
|c 43570
|d 43570
|
| 020 |
|
|
|a 8172937016
|
| 040 |
|
|
|a BD-DhAAL
|
| 082 |
|
|
|a 891.444
|2 23
|
| 100 |
|
|
|a বসু, রাজশেখর
|9 46038
|
| 245 |
|
|
|a প্রবন্ধাবলী /
|c রাজশেখর বসু
|
| 246 |
|
|
|a Prabandhavali
|
| 260 |
|
|
|a কলকাতা :
|b মিত্র ও ঘোষ পাবলিশার্স,
|c ২০০২
|
| 300 |
|
|
|a [৩২], ৪১৪ পৃষ্ঠা ;
|c ২২ সে.মি.
|
| 526 |
|
|
|a BIED
|
| 541 |
|
|
|a Complimentary copy from BIED
|e 37800
|
| 650 |
|
|
|a Bengali essays.
|9 46039
|
| 650 |
|
|
|a বাংলা প্রবন্ধ
|9 46040
|
| 852 |
|
|
|a Ayesha Abed Library
|c BIED Collection
|
| 942 |
|
|
|2 ddc
|c BK
|
| 952 |
|
|
|0 0
|1 0
|2 ddc
|4 0
|6 891_444000000000000_BAS
|7 0
|9 69879
|a BRACUL
|b BRACUL
|c GEN
|d 2022-02-23
|e Complimentary copy from BIED
|l 0
|o 891.444 BAS
|p 3010037800
|r 2022-02-23
|t 1
|w 2022-02-23
|y BK
|x Transferred from BIED to General Stacks
|